| 000 | 00775nam a22002057a 4500 | ||
|---|---|---|---|
| 999 |
_c15481 _d15481 |
||
| 003 | AR-CdUCM | ||
| 008 | 190427b ||||| |||| 00| 0 spa d | ||
| 040 |
_aMUNICIPALIDAD PROVINCIAL DEL CUSCO _cBIBLIOTECA MUNICIPAL DEL CUSCO |
||
| 082 |
_a982.05 / _bM66 / 1913 |
||
| 110 |
_aArchivo del General Mitre _934576 |
||
| 245 | _aPresidencia de la república (Continuación) años 1862 - 1868 / | ||
| 260 |
_aBuenos Aires : _bBiblioteca de la nación, _c1913. |
||
| 300 |
_a2 tomos ; _c22 cm. |
||
| 505 | _aContenido : t.26 : Correspondencia con gobernadores de provincias y otros -- santa fe -- Corrientes -- Santiago de Estero ... | ||
| 650 |
_aHistoria _9136 |
||
| 650 |
_aArchivo _914548 |
||
| 650 |
_aCorrientes _934577 |
||
| 942 |
_2ddc _cLIBROS |
||
| 945 |
_arah _d27/04/2019 |
||